Basic listening : authentic recordings to develop listening micro-skills through graded tasks
Αποθηκεύτηκε σε:
| Κύριος συγγραφέας: | |
|---|---|
| Άλλοι συγγραφείς: | |
| Μορφή: | Βιβλίο |
| Γλώσσα: | English |
| Δημοσίευση: |
London :
Edward Arnold,
1982
|
| Θέματα: | |
| Ετικέτες: |
Προσθήκη ετικέτας
Δεν υπάρχουν, Καταχωρήστε ετικέτα πρώτοι!
|
MARC
| LEADER | 00000nam a2200000 i 4500 | ||
|---|---|---|---|
| 001 | 1/49566 | ||
| 008 | 960401s1982 eng d | ||
| 020 | |a 0713180692 | ||
| 035 | |l 10026858 | ||
| 040 | |a GR-MY-UA |b gre |e aacr | ||
| 041 | 0 | |a eng | |
| 082 | 0 | |a 428.34 | |
| 100 | 1 | |a McDowell, John. | |
| 245 | 1 | 0 | |a Basic listening : |b authentic recordings to develop listening micro-skills through graded tasks / |c John McDowell, Sandra Stevens |
| 260 | |a London : |b Edward Arnold, |c 1982 | ||
| 300 | |a 29 p. | ||
| 650 | 0 | 0 | |a English language |v Textbooks for foreign speakers. |
| 650 | 0 | 0 | |a Listening. |
| 650 | 0 | 0 | |a Comprehension. |
| 700 | 1 | |a Stevens, Sandra. | |
| 852 | |a INST |b CHIOS |e 19960401 |h 428.34 MCD |p 005200004936 |q 005200004936 |t BK |y 0 | ||
| 909 | |a Χ |b 004774 | ||